000 01011nam a2200265 i 4500
001 bg
100 1 _aSzarawarska, Ewa.
245 1 0 _aStatystyczna ocena wpływu zjawisk zachodzących na Słońcu na układ krążenia człowieka /
_cEwa Szarawarska ; Polska Akademia Nauk. Instytut Gospodarki Surowcami Mineralnymi i Energią. Pracownia Geotechnologii.
260 _aKraków :
_bWydawnictwo IGSMIE PAN,
_c2005.
300 _a46, [1] s., [4] s. tabl. kolor. :
_bil. kolor. ;
_c21 cm.
504 _aBibliogr. s. 31-32.
546 _aStreszcz. ang.
650 4 _aSłońce
_xwpływ na zdrowie
650 4 _aZawał serca
_xgeneza
_xbadanie
650 4 _aZawał serca
_xepidemiologia
_zPolska
_yod 1989 r.
650 4 _aRabka (woj. małopolskie)
_xzdrowotność
_yod 1989 r.
020 _a8389174286
040 _cBPK
041 0 _apol
_beng
044 _aPOL
080 _a616.12-005.8-02(438)"1989/...":550.38:523.9
920 _a83-89174-28-6
942 _cKS
008 100824s2005 pl a |000 0 pol
999 _c50814
_d50814
856 _uhttp://koha.tu.koszalin.pl/cgi-bin/koha/opac-detail.pl?biblionumber=50814
_yKatalog online BPK